| 000 | 00566nam a2200205 a 4500 | ||
|---|---|---|---|
| 005 | 20260108064014.0 | ||
| 008 | 030507s2002 mx r 000 0 spa d | ||
| 020 | _a8433108654 | ||
| 035 | _aUPN01000123935 | ||
| 049 | _aCG | ||
| 050 | 4 |
_aHD62.15 _bL6.2 |
|
| 100 | 1 | _aLópez Mojarro, Miguel | |
| 245 | 1 | 0 |
_aA la calidad : _bpor la evaluación / _cMiguel López Mojarro. |
| 260 |
_aBarcelona, Esp. : _bCisspraxis, _c2002. |
||
| 300 | _a194 p. | ||
| 440 | 0 | _aGestión de calidad | |
| 650 | 2 |
_aCalidad total _91086 |
|
| 650 | 4 |
_aEvaluación _914106 |
|
| 905 | _aLibro | ||
| 999 |
_c96114 _d96114 |
||